| 000 | 00300nam a2200121 i 4500 | ||
|---|---|---|---|
| 001 | bg | ||
| 245 | 0 |
_aWybrane zagadnienia transportowe / _cpr.zbior. pod red. A. Szewczuka. |
|
| 260 |
_aSzczecin, _c1980. |
||
| 040 | _cBPK | ||
| 041 | _apol | ||
| 942 | _cKS | ||
| 008 | s pl f |000 0 pol | ||
| 999 |
_c19140 _d19140 |
||
| 856 |
_uhttp://koha.tu.koszalin.pl/cgi-bin/koha/opac-detail.pl?biblionumber=19140 _yKatalog online BPK |
||